Rusovce [1208-2004] : [monografia obce] /

Uložené v:
Podrobná bibliografia
Hlavný autor: Bartlík, Juraj (Author)
Ďalší autori: Mallinerits, Jozef (Compiler)
Médium: Kniha
Jazyk:Slovak
Vydané: Bratislava : Miestny úrad Mestskej časti Bratislava - Rusovce, 2004
Vydanie:[1. vyd.]
Témy:
ISBN: 8096802267 (brož.)
Fyzický popis: 112, xxxiv s. : fotogr., mp. ; 21 cm
Tagy: Pridať tag
Žiadne tagy, Buďte prvý kto otaguje tento záznam!

MARC

LEADER 00000nam a2200000 a 4500
001 000013402
005 20050920132726.0
008 050715s2004 xo ab e ba 000 0 sloo
020 |a 8096802267 (brož.) 
040 |a SVKKK  |b slo  |c SVKKK  |e AACR2 
041 0 |a slo  |b ger  |b eng  |b hun 
044 |a xo  |c SK 
072 7 |a 913(4)  |x Geografia Európy, reálie, cestovanie  |2 konspekt 
080 |a 913  |2 1997 
080 |a 908  |2 1997 
080 |a (437.672)  |2 1997 
080 |a (048.8)  |2 1997 
245 0 0 |a Rusovce [1208-2004] :  |b [monografia obce] /  |c [autori: Juraj Bartlík ... [et al.]] ; [zostavil Jozef Mallinerits] 
250 |a [1. vyd.] 
260 |a Bratislava :  |b Miestny úrad Mestskej časti Bratislava - Rusovce,  |c 2004 
300 |a 112, xxxiv s. :  |b fotogr., mp. ;  |c 21 cm 
366 |e 800 výtl. 
500 |a Údaj o aut. a zost. prevzatý z tiráže 
504 |a Bibl. odkazy. Resumé nem., angl., maď. 
651 7 |a Rusovce (Slovensko)  |x dejiny  |2 SVKKKPH 
655 7 |a monografie  |2 SVKKKPH 
700 1 |a Bartlík, Juraj  |4 aut 
700 1 |a Mallinerits, Jozef  |4 com 
919 |a 80-968022-6-7 
998 |a BK 
090 |g SCKHL  |k Sklad Pribinova 2. posch.  |a III.200055  |j 970526  |i 2720037002  |s Absenčne